| 000 | 01719nam a22002417a 4500 | ||
|---|---|---|---|
| 999 |
_c58709 _d58709 |
||
| 003 | Ge_BSU | ||
| 005 | 20220701134854.0 | ||
| 008 | 220701s2010ge xxu||||| |||| 00| 0 geo d | ||
| 020 | _a9789941820090 | ||
| 041 | _ageo | ||
| 080 | _a502(062.552)+378.1(063) ს-15 | ||
| 245 |
_aსაერთაშორისო სამეცნიერო - ტექნიკური კონფერენცია= International Scientific Conference = Международная научно - техническая конференция / _c რედ. კოლეგია: ა. ფრანგიშვილი, ზ. გასიტაშვილი, ლ. კლიმიაშვილი, ნ. წერეთელი, და სხვა |
||
| 264 |
_aთბილისი: _bტექნიკური უნივერსიტეტი, _c2010. |
||
| 300 |
_a 346 გვ.: _b29 სმ. _cცხრილ., ილუსტრ |
||
| 653 | _aკონფერენცია "გარემოს დაცვა და მდგრადი განვითარება | ||
| 653 | _aშრომები | ||
| 700 |
_aფრანგიშვილი, ა _eსარედაქციო კოლეგია _979 |
||
| 700 |
_aგასიტაშვილი, ლ _eსარედაქციო კოლეგია _914280 |
||
| 700 |
_a კლიმიაშვილი, ლ _eსარედაქციო კოლეგია _914281 |
||
| 700 |
_aწერეთელი, ნ _eსარედაქციო კოლეგია _94551 |
||
| 710 |
_aსაქართველოს ტექნიკური უნივერსიტეტი _914282 |
||
| 942 |
_2udc _cBK |
||